Specific Targeted Research Project on the Formation of Europe: Prehistoric Population Dynamics and the Roots of Socio-Cultural Diversity. - Oxford : Archaeopress [Rezension]
| Titel: | Specific Targeted Research Project on the Formation of Europe: Prehistoric Population Dynamics and the Roots of Socio-Cultural Diversity. - Oxford : Archaeopress [Rezension] |
|---|---|
| Verfasser: | |
| In: |
Prähistorische Zeitschrift, Band 86, Heft 1 (2011), Seite 138-140 alle Artikel anzeigen |
| Veröffentlicht: | 2011 |
| Format: | Aufsatz |
| Sprache: | Deutsch |
| Hinweise zum Inhalt: |
zusätzliche Angaben
|
X
alg: 39493374
001A $01999:12-11-16
001B $01999:04-08-21 $t20:59:43.000
001D $01999:12-11-16
001U $0utf8
001X $00
002@ $0Aox
003@ $0394933745
007A $0394933745 $aHEB
007T $0Herdc0085317m
009P $A2 $3zusätzliche Angaben $uhttp://www.degruyter.com/view/j/prhz.2011.86.issue-1/pz.2011.008/pz.2011.008.xml?format=INT
010@ $ager
011@ $a2011
021A $aSpecific Targeted Research Project on the Formation of Europe: Prehistoric Population Dynamics and the Roots of Socio-Cultural Diversity. - Oxford : Archaeopress [Rezension]
028A $aKrauß $dRaiko
031A $d86 $e1 $h138-140 $j2011
039B $aIn $8--Abvc--. Prähistorische Zeitschrift. - Berlin {[u.a.] : de Gruyter, 1909-. - ISSN 0079-4848 $x201100000860001862 $9047249722
039T $8--Acx--. Specific Targeted Research Project on the Formation of Europe: Prehistoric Population Dynamics and the Roots of Socio-Cultural Diversity. - Oxford : Archaeopress $9391388754
045F $a900.9437 $eDDC23BSB
045F/01 $a900
045F/03 $g437
045T $a6,11
lok: 39493374 78
exp: 39493374 78 1 #EPN
201B/01 $018-11-16 $t13:11:17.000
201U/01 $0utf8
203@/01 $0791232328
208@/01 $a12-11-16 $be
209A/01 $a/ $f000 $x00
220C/01 $aTitelaufnehmer: pg
220C/01 $aHerkunft: HI Marburg
244Z/01 $2Trx $#Kesk- ja Ida- Euroopa kontseptsioonid $#Vidurio Europos koncepcijos $#East-Central Europe $#Keletközépeurópa-eszmék $#Europa Środkowo-Wschodnia koncepcje $#Európa stredovýchodná koncepcie $#Evropa střední, východní část koncepce $#Mitteleuropa $#Osteuropakonzeptionen $#Europa Środkowa koncepcje $#Stredná Európa koncepcie $#Střední Europa koncepce $8--Trx--Ostmitteleuropakonzeptionen $x01 $9391364286
244Z/01 $2Trx $#arvustused $#recenzijos $#Reviews $#recenziók $#recenzje $#recenzie $#recenze $8--Trx--Rezensionen $x02 $9391357441
244Z/01 $2Trx $8--Trx--elektronische Ressource $x03 $939138452X
247C/01 $82080>Marburg/Lahn, Herder-Institut, Forschungsbibliothek, Bibliographieportal $9336309341
| LEADER | 00000caa a22000002c 4500 | ||
|---|---|---|---|
| 001 | 394933745 | ||
| 003 | DE-603 | ||
| 005 | 20210804205943.0 | ||
| 007 | tu | ||
| 008 | 161112s2011 xx |||| | u00||u|ger c | ||
| 035 | |a (DE-599)HEB394933745 | ||
| 040 | |a DE-603 |b ger |c DE-603 |d DE-603 | ||
| 041 | |a ger | ||
| 082 | 0 | 4 | |8 1\u |a 900.9437 |q DE-101 |2 23/BSB |
| 084 | |a 6,11 |2 ssgn | ||
| 085 | |8 1\u |b 900 | ||
| 085 | |8 1\u |z 2 |s 437 | ||
| 100 | 1 | |a Krauß, Raiko | |
| 245 | 0 | 0 | |a Specific Targeted Research Project on the Formation of Europe: Prehistoric Population Dynamics and the Roots of Socio-Cultural Diversity. - Oxford : Archaeopress [Rezension] |
| 264 | 0 | |c 2011 | |
| 773 | 0 | 8 | |i In |t Prähistorische Zeitschrift |d Berlin [u.a.] : de Gruyter, 1909- |x 0079-4848 |g Band 86, Heft 1 (2011), Seite 138-140 |w (DE-603)047249722 |w (DE-600)200096-9 |
| 787 | 0 | 8 | |i Rezension von |t Specific Targeted Research Project on the Formation of Europe: Prehistoric Population Dynamics and the Roots of Socio-Cultural Diversity |d Oxford : Archaeopress |w (DE-603)391388754 |
| 856 | 4 | 2 | |u http://www.degruyter.com/view/j/prhz.2011.86.issue-1/pz.2011.008/pz.2011.008.xml?format=INT |3 zusätzliche Angaben |
| 924 | 0 | |9 2080 |a (DE-603)791232328 |b DE-2080 |c HES |d d |g / | |


